| 000 | 01070cam a2200217 4500 | ||
|---|---|---|---|
| 008 | 040427n2003 000 0 eng u | ||
| 020 | _a0110472659 | ||
| 035 | _a(Sirsi) u126845 | ||
| 041 | _aeng | ||
| 245 | 4 | _aThe Service Charges (Consultation Requirements) (England) Regulations 2003 | |
| 260 |
_aLondon _bHMSO _c2003 |
||
| 490 |
_aSI _v2003: 1987 |
||
| 520 | _aCame into force 31 October 2003. Relate to the amount that tenants can be required to contribute, by the payment of service charges, to relevant costs incurred by landlords in carrying out works or under certain agreements. See Explanatory Note for further details. View at www.legislation.hmso.gov.uk. | ||
| 650 | _aCOMMONHOLD AND LEASEHOLD REFORM ACT 2002 | ||
| 650 | _aSERVICE CHARGES (CONSULTATION REQUIREMENTS) (ENGLAND) REGULATIONS 2003 | ||
| 650 | _aLANDLORD AND TENANT ACT 1985 S20 | ||
| 650 | _aSERVICE CHARGES | ||
| 690 |
_aLandlord and tenant _96252 |
||
| 856 |
_uhttps://www.legislation.hmso.gov.uk/si/si2003/20031987.htm _zView the Regulations on the HMSO website... |
||
| 942 | _n0 | ||
| 999 |
_c103653 _d103653 |
||